Modern small industry for developing countries

保存先:
書誌詳細
第一著者: Staley, Eugen
フォーマット: 図書
言語:Undetermined
出版事項: New York McGraw-Hill 1965
主題:
タグ: タグ追加
タグなし, このレコードへの初めてのタグを付けませんか!
Thư viện lưu trữ: Trung tâm Học liệu Trường Đại học Cần Thơ
LEADER 00657nam a2200205Ia 4500
001 CTU_21480
008 210402s9999 xx 000 0 und d
082 |a 338.09 
082 |b S782 
100 |a Staley, Eugen 
245 0 |a Modern small industry for developing countries 
245 0 |c Eugen Staley, Richard Morse 
260 |a New York 
260 |b McGraw-Hill 
260 |c 1965 
650 |a Công nghiệp,Industries,Developing countries,Các nước phát triển 
650 |x Economic conditions,Điều kiện kinh tế 
904 |i Minh, 980110 
910 |a Qhieu 
980 |a Trung tâm Học liệu Trường Đại học Cần Thơ